000 00599nam a2200253Ia 4500
008 160803s9999 xx 000 0 und d
020 _a978-0439847780
100 _aKorman, Gordon
245 _aThe rescue /
245 _cGordon Korman.
260 _aNew York :
260 _bScholastic Inc.
260 _c2006
300 _a140 pages ;
300 _c20 cm.
440 _aKidnapped ;
440 _vbk. 3.
500 _a"An Apple paperback."
650 _aBrothers and sisters --
650 _aKidnapping --
650 _xFiction.
650 _xFiction.
700 _a760
999 _c298656
_d298656